000 00670cab a2200241 4500
001 X1592
008 090401t1994 xxu||||| |||| 00| 0 eng d
035 _a(Sirsi) u94862
041 _aeng
100 _aSwanston, R.
245 4 _aThe nation and its buildings - closing the output gap
260 _c1994
350 _a0
490 _aCSM (Chartered Surveyor Monthly)
_v3(10) July/August 1994, 10-11(2)
650 _aCOMPETENCE
650 _aCONSTITUTION
650 _aINAUGURAL SPEECH
650 _aPRESIDENTIAL ADDRESS
650 _aValuation
_96273
690 _aMANAGEMENT-BUSINESS MANAGEMENT-PROFESSIONAL PRACTICE
942 _n0
948 _c04/03/1997
999 _c59596
_d59596